Govt. of
Madhya Pradesh

Tagore Songs (Record no. 15384)

MARC details
000 -LEADER
fixed length control field 004860000a22001930004500
001 - CONTROL NUMBER
control field 003484
003 - CONTROL NUMBER IDENTIFIER
control field MACL
005 - DATE AND TIME OF LATEST TRANSACTION
control field 20150826132253.0
008 - FIXED-LENGTH DATA ELEMENTS--GENERAL INFORMATION
fixed length control field 150826b xxu||||| |||| 00| 0 eng d
040 ## - CATALOGING SOURCE
Original cataloging agency MACL
Transcribing agency MACL
041 ## - LANGUAGE CODE
Language code of text/sound track or separate title English
082 ## - DEWEY DECIMAL CLASSIFICATION NUMBER
Classification number 782.42/MIT
100 ## - MAIN ENTRY--PERSONAL NAME
Personal name Mitra, Devi
9 (RLIN) 7541
245 ## - TITLE STATEMENT
Title Tagore Songs
Remainder of title Analysis & Appreciation
Statement of responsibility, etc. Devi Mitra
260 ## - PUBLICATION, DISTRIBUTION, ETC. (IMPRINT)
Place of publication, distribution, etc. Kolkata
Date of publication, distribution, etc. 2003
Name of publisher, distributor, etc. Nabapatra Prakashan,
350 ## - PRICE (NR) (BK AM CF MU VM SE) [OBSOLETE]
Price 300
650 ## - SUBJECT ADDED ENTRY--TOPICAL TERM
Topical term or geographic name as entry element Vocal Music
9 (RLIN) 7542
942 ## - ADDED ENTRY ELEMENTS (KOHA)
Call number prefix 782
Koha item type Books
Source of classification or shelving scheme
Holdings
Withdrawn status Lost status Source of classification or shelving scheme Damaged status Not for loan Home library Current library Date acquired Cost, normal purchase price Total Checkouts Full call number Barcode Date last seen Uniform Resource Identifier Price effective from Koha item type
          MACL MACL 15/04/2015 300.00   782.4/MIT CRE017103 02/05/2024 15279 15/04/2015 Books